00637nam a2200157 a 450000100100000000500170001000800410002704000250006808200140009324500840010726001040019130000270029570000280032295201120035099900170046200003035920200930062254.0110511s2004 dr a 000 0 spa d aDO-SdBNPbspacBNPHU axxxbH82100aHortalizas :bresultados de investigación /cpresentación Ángel Castillo. aSanto Domingo :bInstituto Dominicano de Investigaciones Agropecuarias y Forestales (IDIAF),c2004. a41 p. :bil. ;c23 cm.1 aCastillo, Ángel97078 0010718PDaPDbPDcCTd2011-05-11iLF1l0oxxx H821p30359-10r2020-06-25w2020-06-25yLFPDZNo se presta c29851d29851